00446nam a2200157Ia 4500003000400000008004100004040001600045082001300061100001800074245008500092260005000177300001000227650001400237650001600251650002100267GCL140319s9999 xx 000 0 eng d aGCL / cGCL04a156bO S1 aOLES, HENRY J10aSTUDY GUIDE TO ACCOMPANY PSYCHOLOGY: THE FRONTIERS OF BEHAVIOR / cOLES, HENRY J a[S.N] : bHARPER AND ROW PUBLISHERS ، c1982 a275 P04aBEHAVIOUR04aPERSONALITY04aSOCIAL BEHAVIOUR